00672nam a2200205 4500003001100000005001700011008004100028020001500069040003900084041000800123082001500131245009000146260005200236490002200288650002300310650002200333942000700355952008900362999001500451LK-CoMWRAF20230828191706.0230828b2001 |||||||| |||| 00| 0 eng d a9068328379 aLK-CoMWRAFdLK-CoMWRAFeLK-CoMWRAF aeng a270.1bIMP aImplementing community-oriented teaching in medical education : bA case from Vietnam aNetherland : bRoyal Tropical Institute, c2001 aBulletin ; no 348 aCommunity teaching aMedical Education cBK 00104070aMAINbMAINd2023-08-28l0o270.1 IMPpRAF272r2023-08-28w2023-08-28yBK c3296d3296